| 000 | 00416nam a2200169Ia 4500 | ||
|---|---|---|---|
| 001 | 23419 | ||
| 005 | 20260414150936.0 | ||
| 008 | 260414t2006||||xx |||||||||||||| ||spa|| | ||
| 041 | _aESP | ||
| 082 |
_a650.01513 _bA42I 2006 |
||
| 100 |
_aAliaga Valdez, Carlos _eAUT |
||
| 245 | 0 |
_aMatemática financiera : _binterés y descuento |
|
| 260 | _c2006 | ||
| 650 | _aGEN | ||
| 654 | _aCCO | ||
| 942 |
_cLIB _dJUS _fJUS _2ddc _n |
||
| 999 |
_c23419 _d23419 |
||